MANIPAL MANUAL OF CLINICAL BIOCHEMISTRY [5TH ED.] (Record no. 8802)

MARC details
000 -LEADER
fixed length control field 00518nam a22001817a 4500
005 - DATE AND TIME OF LATEST TRANSACTION
control field 20251204161553.0
008 - FIXED-LENGTH DATA ELEMENTS--GENERAL INFORMATION
fixed length control field 250909b |||||||| |||| 00| 0 eng d
020 ## - INTERNATIONAL STANDARD BOOK NUMBER
ISBN 978-93-5696-322-1
041 ## - LANGUAGE CODE
Language code of text/sound track or separate title eng
082 ## - DEWEY DECIMAL CLASSIFICATION NUMBER
Classification number 616.0756 NAY-M
100 ## - MAIN ENTRY--AUTHOR NAME
Personal name B, SHIVANANDA NAYAK
245 ## - TITLE STATEMENT
Title MANIPAL MANUAL OF CLINICAL BIOCHEMISTRY [5TH ED.]
250 ## - EDITION STATEMENT
Edition statement 5TH ED. 2025
260 ## - PUBLICATION, DISTRIBUTION, ETC. (IMPRINT)
Place of publication NEW DELHI
Name of publisher JAYPEE BROTHERS MEDICAL PUBLISHERS LTD.
Year of publication 2024
300 ## - PHYSICAL DESCRIPTION
Number of Pages 382,P
650 ## - SUBJECT ADDED ENTRY--TOPICAL TERM
Topical Term PARAMEDICAL
General subdivision BMRIT/BMLT
942 ## - ADDED ENTRY ELEMENTS (KOHA)
Koha item type Books
Holdings
Lost status Damaged status Collection code Home library Current library Shelving location Date acquired Source of acquisition Cost, normal purchase price Full call number Accession Number Koha item type Serial Enumeration / chronology
    PARAMEDICAL JRU Library JRU Library Reference Section 09/09/2025 PURCHASE 900.00 616.0756 28787 Books  
    PARAMEDICAL JRU Library JRU Library SHELF-104-C 09/09/2025 PURCHASE 900.00 616.0756 28788 Books  
    PARAMEDICAL JRU Library JRU Library SHELF-104-C 09/09/2025 PURCHASE 900.00 616.0756 28789 Books  
    PARAMEDICAL JRU Library JRU Library SHELF-104-C 09/09/2025 PURCHASE 900.00 616.0756 28790 Books  
    PARAMEDICAL JRU Library JRU Library SHELF-104-C 09/09/2025 PURCHASE 900.00 616.0756 28791 Books  
    PARAMEDICAL JRU Library JRU Library SHELF-104-C 01/12/2025 PURCHASE 850.00 616.0756 NAY-M 29200 Books LBI-000811/28-11-2025
    PARAMEDICAL JRU Library JRU Library SHELF-104-C 01/12/2025 PURCHASE 850.00 616.0756 NAY-M 29201 Books LBI-000811/28-11-2025
    PARAMEDICAL JRU Library JRU Library SHELF-104-C 01/12/2025 PURCHASE 850.00 616.0756 NAY-M 29202 Books LBI-000811/28-11-2025
    PARAMEDICAL JRU Library JRU Library SHELF-104-C 01/12/2025 PURCHASE 850.00 616.0756 NAY-M 29203 Books LBI-000811/28-11-2025
    PARAMEDICAL JRU Library JRU Library SHELF-104-C 01/12/2025 PURCHASE 850.00 616.0756 NAY-M 29204 Books LBI-000811/28-11-2025
    PARAMEDICAL JRU Library JRU Library   04/12/2025     616.0756 NAY-M   Books